Score 0/20 Timer 05:00
6 Plays Today
TWO WORDS ONE WORD (begins with N) % Correct
Province. Scotia.Nova
91.9%
Cornhusker. State.Nebraska
91.2%
Isaac. Fig.Newton
90.5%
Jefferson. Coin.Nickel
89.6%
Noble. Gas.Neon
88%
Simpsons. Flanders.Ned
86.4%
Swoosh. Brand.Nike
86%
Psycho. Bates.Norman
85.2%
German. No.Nein
84.4%
Longbottom. Chamberlain.Neville
84.4%
TWO WORDS ONE WORD (begins with N) % Correct
Fuzzless. Peach.Nectarine
76.9%
Nautilus. Captain.Nemo
72%
Roman. Poseidon.Neptune
70.9%
Richard. Milhous.Nixon
65.4%
Pan. Place.Neverland
64.2%
Ratched. Nightingale.Nurse
61.7%
Wynken. Blynken.Nod
45.5%
Basketball. Inventor.Naismith
37.7%
Fishing. Worm.Nightcrawler
31%
Pyle. Actor.Nabors
26.4%
Remove Ads.
Support Sporcle.
Get the best of Sporcle when you Go Orange. This ad-free experience offers more features, more stats, and more fun while also helping to support Sporcle. Thank you for becoming a member.

You're not logged in!

Compare scores with friends on all Sporcle quizzes.
OR
Log In

Sporcle TV

Today on Sporcle TV


Watch our educational content, quiz creation guides, and fun videos on Sporcle TV.

Show Comments

Extras

Top Quizzes Today


Score Distribution

Paid Content

Your Account Isn't Verified!

In order to create a playlist on Sporcle, you need to verify the email address you used during registration. Go to your Sporcle Settings to finish the process.

Report this User

Report this user for behavior that violates our Community Guidelines.

Details: